Представление документа в формате RUSMARC

ПолеНазваниеЗначение
  Тип записи a
  Библиографический уровень m
001 Контрольный номер RU/REG73/CBS_GRAD/39d52314332142148b5c1a3578ab83df
005 Дата корректировки 20230717133059.2
010 Индекс ISBN __
a ISBN 978-5-44843485-3
100 Данные общей обработки __
a Данные общей обработки 20230717d 0rusy0189## ca
101 Язык документа 0_
a Язык текста rus
102 Страна публикации __
a Страна публикации RU
200 Заглавие и сведения об ответственности 1_
a Заглавие Прощай, Южный Крест!
e Сведения, относящиеся к заглавию роман
f Первые сведения об ответственности Поволяев Валерий Дмитриевич
210 Выходные данные 1_
a Место издания Москва
c Издательство Вече
d Дата издания 2022
215 Физическое описание __
a Объем 320 с.
225 Серия 2_
a Серия Военные приключения
686 Индексы других классификаций __
a Классификационный индекс 84 (2 Рос=Рус)6
700 Автор _1
a Фамилия Поволяев
g Полное личное имя Валерий Дмитриевич
801 Источник записи _0
a Страна RU
b Организация RuCBSGrad
c Дата составления 20230717
g Правила каталогизации RCR
801 Источник записи _1
a Страна RU
b Организация RuCBSGrad
c Дата составления 20230717
g Правила каталогизации RCR
852 Данные о местонахождении __
i Авторский знак П 42
901 Тип документа __
t Тип документа m